Manual de ciencia política
محفوظ في:
| المؤلفون الرئيسيون: | , |
|---|---|
| مؤلفون آخرون: | , , |
| التنسيق: | كتاب |
| اللغة: | الإسبانية |
| منشور في: |
Madrid
Alianza
1988
|
| سلاسل: | Alianza Universidad Textos, 125
|
| الموضوعات: | |
| الوسوم: |
إضافة وسم
لا توجد وسوم, كن أول من يضع وسما على هذه التسجيلة!
|
MARC
| LEADER | 00000cam a2200000 a 4500 | ||
|---|---|---|---|
| 001 | UCV3394 | ||
| 003 | CL-VaPUC | ||
| 008 | 930622e19880000SP |||||||||||||||||spa|d | ||
| 082 | 0 | 4 | |a 320 |b BAR |2 21 |
| 100 | 0 | |a Bartolini, Stefano |e author |9 297657 | |
| 700 | |a Pasquino, Gianfranco |e autor |9 592533 | ||
| 700 | 0 | |a Cotta, Sergio |e author |9 297659 | |
| 700 | |a Morlino, Leonardo |e autor |9 297660 | ||
| 700 | |a Panebianco, Angelo |e autor |9 553302 | ||
| 245 | 1 | 0 | |a Manual de ciencia política |
| 300 | |a 480 p | ||
| 942 | |c BK | ||
| 945 | |d 19930622 00:00:00 | ||
| 260 | |a Madrid |b Alianza |c 1988 | ||
| 650 | 0 | |a Ciencias Políticas |9 255201 | |
| 650 | 0 | |a Manuales |9 257144 | |
| 583 | |a last modification |c 20160520 09:28:54 |k Rodrigo Vera | ||
| 490 | 0 | |a Alianza Universidad Textos, 125 | |
| 999 | |c 210625 |d 210623 | ||
| 952 | |0 0 |1 0 |4 0 |6 320_000000000000000_BAR_1988 |7 0 |8 DER_TF |9 186994 |a BIBDER |b BIBDER |d 2019-11-14 |i 2546507 |l 1 |o 320 BAR 1988 |p 2546507 |r 2023-01-25 |s 2020-03-17 |w 2019-11-14 |x Ubicación 4to Piso |y BK |z Estos recursos deben solicitarse con anticipación |k DER | ||
| 952 | |0 0 |1 0 |3 erb |4 0 |6 320_000000000000000_BAR_1988 |7 0 |8 A |9 186995 |a FDOHBE |b BIBHIS |e Huesbe Llanos, Marco Antonio, 1934- |i 5304865 |l 5 |m 1 |o 320 BAR 1988 |p 5304865 |r 2025-04-02 |s 2025-03-21 |w 2019-11-14 |y BK |z Catalogado en:20160520 |k HBE | ||